Sports Quiz

Random Sports or Soccer Quiz

Teams that Guam have played at football Quiz Stats

 Plays Quiz not verified by Sporcle

Support Sporcle.
Go Orange.
Score 0/28 Timer 10:00
0 Plays Today
Country % Correct
Australia
92.9%
China
87.5%
Fiji
82.1%
South Korea
80.4%
Philippines
80.4%
North Korea
76.8%
Vietnam
75%
India
75%
Chinese Taipei
73.2%
Solomon Islands
62.5%
Papua New Guinea
62.5%
Hong Kong
62.5%
Cambodia
62.5%
American Samoa
60.7%
Country % Correct
Myanmar
58.9%
Bangladesh
57.1%
Pakistan
57.1%
Bhutan
55.4%
Sri Lanka
55.4%
Tuvalu
55.4%
Mongolia
53.6%
Vanuatu
51.8%
Iran
50%
Tahiti
48.2%
Macau
46.4%
New Caledonia
41.1%
Tajikistan
30.4%
Palestine
23.2%

You're not logged in!

Compare scores with friends on all Sporcle quizzes.
OR
Log In

From the Vault

Second Letter Country Blitz

by oldkent

These letters couldn't quite make it to the top.
Remove Ads.
Support Sporcle.
Get the best of Sporcle when you Go Orange. This ad-free experience offers more features, more stats, and more fun while also helping to support Sporcle. Thank you for becoming a member.

Show Comments

Extras

Created Oct 18, 2013ReportNominate
Tags:Football Quiz, Soccer Quiz

Top Quizzes Today


Score Distribution

Your Account Isn't Verified!

In order to create a playlist on Sporcle, you need to verify the email address you used during registration. Go to your Sporcle Settings to finish the process.

Report this User

Report this user for behavior that violates our Community Guidelines.

Details: